Quelles sont les chansons les plus vues sur de ces rappeurs américains - Statistiques

Statistiques générales
  • Ce quiz a été pris 83 fois
  • Le résultat moyen est 5 sur 15
Statistiques - réponses
Rappeurs Chanson % Correct
Kendrick Lamar HUMBLE
71%
Dr. Dre Still D.R.E.
61%
Travis Scott SICKO MODE
58%
50 Cent In Da Club
52%
XXXTENTACION SAD!
49%
The Notorious B.I.G. Juicy
36%
Drake Hotline Bling
35%
Ice Cube It Was A Good Day
35%
Kanye West Stronger
29%
Nicki Minaj Anaconda
25%
Eminem Love The Way You Lie
25%
Snoop Dogg Drop It Like It’s Hot
17%
2Pac Dear Mama
16%
Juice WRLD Lean Wit Me
14%
Jay-Z Empire State Of Mind
13%
Aucun quiz correspondant
Distribution des résultats
% des personnes avec chaque résultat
Percentile par nombre de réponses
Votre historique - résultats
Vous n’avez pas pris ce quiz